000 01654cam a2200349 i 4500
999 _c1219
_d1219
001 17633573
003 GZU
005 20200930154935.0
008 130221s2014 caua b 001 0 eng
010 _a 2013002036
020 _a9781452257877 (pbk. : alk. paper)
040 _aDLC
_beng
_cDLC
_erda
_dDLC
042 _apcc
050 0 0 _aH62
_b.MIL 2014
100 1 _aMiles, Matthew B.
_eauthor
245 1 0 _aQualitative data analysis :
_ba methods sourcebook /
_cMatthew B. Miles, A. Michael Huberman, Johnny Saldana, Arizona State University.
250 _aThird edition.
264 1 _aThousand Oaks, Califorinia :
_bSAGE Publications, Inc.,
_c[2014]
300 _axxiii, 381 pages :
_billustrations ;
_c30 cm
336 _atext
_2rdacontent
337 _aunmediated
_2rdamedia
338 _avolume
_2rdacarrier
504 _aIncludes bibliographical references (pages 363-368) and indexes.
505 0 _aIntroduction -- Research design and management -- Ethical issues in analysis -- Fundamentals of qualitative data analysis -- Designing matrix and network displays -- Methods of exploring -- Methods of describing -- Methods of ordering -- Methods of explaining -- Methods of predicting -- Drawing and verifying conclusions -- Writing about qualitative research -- Closure.
650 0 _aSocial sciences
_xResearch.
650 0 _aEducation
_xResearch.
700 1 _aHuberman, A. M.
_eauthor
700 1 _aSaldaƱa, Johnny.
_eauthor
906 _a7
_bcbc
_corignew
_d1
_eecip
_f20
_gy-gencatlg
942 _2lcc
_cBK
_e3rd ed.
_h62
_iMIL
_kH